000
00287nam a2200109Ia 4500
008
230907s9999||||xx |||||||||||||| ||und||
082
_a
333.7932
_b
GEL
100
_a
Gellings, Clark W.
_9
114545
245
0
_a
Exploring the value of electricity /
300
_a
vi, 254 pages :
942
_c
BK
999
_c
599555
_d
599555